000 003090000a22001450004500
003 MACL
040 _aMACL
090 _c33814
_d33812
100 _aPetroutsos, Evengelos
245 _aAsp 3
260 _bBPB Computer Course
_c2000
350 _a90
650 _aComputer science
942 _cBOOK
_k004.65/Pet
999 _c33459
_d33459